| 000 | 00319nam a2200109 4500 | ||
|---|---|---|---|
| 008 | 160704b xxu||||| |||| 00| 0 eng d | ||
| 100 |
_92010 _a kacker, L |
||
| 245 | _aAn Earthquake: The Bastar Rebellion | ||
| 260 |
_aN.D _b Children Book Trust _c2001 |
||
| 300 | _aAn Earthquake: The Bastar Rebellion | ||
| 942 |
_2ddc _cBK |
||
| 999 |
_c1708 _d1708 |
||